Library of the University of Algiers 3
Ibrahim Sultan Cheibout
شعار جامعة الجزائر 3
مكتبة جامعة الجزائر 3
إبراهيم سلطان شيبوط

مبادئ الأسواق المالية / (رقم التسجيلة. 46348)

تفاصيل مارك
000 -LEADER
fixed length control field 01126nam a2200241Ia 4500
003 - CONTROL NUMBER IDENTIFIER
control field Ost
005 - DATE AND TIME OF LATEST TRANSACTION
control field 20260507075803.0
008 - FIXED-LENGTH DATA ELEMENTS--GENERAL INFORMATION
fixed length control field 260507s9999||||xx |||||||||||||| ||und||
020 ## - INTERNATIONAL STANDARD BOOK NUMBER
International Standard Book Number 9789957005580
040 ## - CATALOGING SOURCE
Transcribing agency fsecg
041 ## - LANGUAGE CODE
Language code of text/sound track or separate title ara
082 ## - DEWEY DECIMAL CLASSIFICATION NUMBER
Classification number 332.642
100 ## - MAIN ENTRY--PERSONAL NAME
Personal name شريط، صلاح الدين
Relator term مؤلف
245 #0 - TITLE STATEMENT
Title مبادئ الأسواق المالية /
Statement of responsibility, etc. صلاح الدين شريط
260 ## - PUBLICATION, DISTRIBUTION, ETC.
Place of publication, distribution, etc. عمان:
Name of publisher, distributor, etc. دار الشروق للنشر والتوزيع,
Date of publication, distribution, etc. 2014
300 ## - PHYSICAL DESCRIPTION
Extent 207 صفحة؛
Other physical details إيضاحات ؛
Dimensions 23 سم
504 ## - BIBLIOGRAPHY, ETC. NOTE
Bibliography, etc. note بيبليوغرافيا: ص ص.201-207
520 ## - SUMMARY, ETC.
Summary, etc. يضم الأسواق نظرة شاملة، الأسواق النقدية، أسواق رأس المال، التعامل في أسواق رأس المال والمتعاملون فيها، المشتقات المالية، مؤشرات أسواق الأوراق المالية، كفاءة الأسواق المالية، لمحة عن تقييم الأسهم والسندات.
653 ## - INDEX TERM--UNCONTROLLED
Uncontrolled term الأوراق المالية
653 ## - INDEX TERM--UNCONTROLLED
Uncontrolled term البنوك
653 ## - INDEX TERM--UNCONTROLLED
Uncontrolled term البورصات
942 ## - ADDED ENTRY ELEMENTS (KOHA)
Koha item type كتب
المقتنيات
Withdrawn status Lost status Source of classification or shelving scheme Damaged status Not for loan Home library Current library Date acquired Serial enumeration / chronology Inventory number Total checkouts Full call number Barcode Date last seen Price effective from Koha item type
    Library of Congress Classification   NOT LOAN / إعارة داخلية مكتبة كلية العلوم الإقتصادية والعلوم التجارية وعلوم التسيير مكتبة كلية العلوم الإقتصادية والعلوم التجارية وعلوم التسيير 07/05/2026 الطابق الأرضي 025.21/618   551/025.21ن01 025.21/618 07/05/2026 07/05/2026 كتب

موارد الويب المفتوحة


© University of Algiers 3 All Rights Reserved
|
Implemented by LECHELAH Riad